00489nam a22001577a 450000500170000001000130001702000100003003500130004003700140005308200080006710000370007524500900011224600700020226000390027230000200031120200212151501.0 aA-372933 c30.00 aA-372933 bBPPD/Pub. a921 aآفاق حسین صیدیقی aجاں نثار اختر:bشخص اور شاعر /cآفاق حسین صیدیقی aJaan Nisar Akhtar: Shakhs Aur Shayar /bby Afaaq Hussain Siddiqui a-bAfaaq Hussain Siddiquic1987 ء a144p.c22cm(Hb)